Countries Where Marsupials Live - Statistics

General Stats
  • This quiz has been taken 181 times
  • The average score is 23 of 26
Answer Stats
Country % Correct
Australia
99%
United States
93%
Brazil
92%
Mexico
91%
Canada
90%
Argentina
89%
Colombia
89%
Indonesia
89%
Panama
89%
Papua New Guinea
88%
Uruguay
88%
Chile
87%
Paraguay
87%
Peru
87%
Suriname
87%
Venezuela
87%
Bolivia
86%
Guatemala
86%
Nicaragua
86%
Costa Rica
85%
Ecuador
85%
El Salvador
85%
Honduras
85%
Guyana
84%
Belize
83%
France (French Guiana)
60%
No matching quizzes found
Score Distribution
Percent of People with Each Score
Percentile by Number Answered
Your Score History
You have not taken this quiz